Name The Country By Silhouette - Statistics

General Stats
  • This quiz has been taken 67 times
  • The average score is 16 of 20
Answer Stats
Picture Answer % Correct
Italy
98%
Australia
97%
United Kingdom
97%
Egypt
90%
New Zealand
90%
Spain
90%
Canada
87%
Papua New Guinea
87%
Iceland
85%
South Africa
85%
Argentina
84%
Sri Lanka
84%
Brazil
82%
Germany
79%
Greece
77%
Laos
77%
Namibia
74%
Democratic Republic of Congo
66%
Saudi Arabia
58%
Singapore
37%
No matching quizzes found
Score Distribution
Percent of People with Each Score
Percentile by Number Answered
Your Score History
You have not taken this quiz